L'Art en 10 questions #3 - Statistiques

Statistiques générales
  • Ce quiz a été pris 30 fois
  • Le résultat moyen est 4 sur 10
Statistiques - réponses
Hint Réponse % Correct
Quel tableau célèbre d'Édouard Manet montre un pique-nique avec une femme nue et deux hommes habillés ? Le déjeuner sur l'herbe
89%
Quel est le nom du tableau de Géricault représentant des naufragés ? Le Radeau de la méduse
81%
Quelle sculpture grecque sans bras est exposée au Louvre ? Vénus de Milo
67%
Quel peintre italien a réalisé La Naissance de Vénus au XVe siècle ? Sandro Botticelli
59%
Quel peintre néerlandais est célèbre pour La Jeune Fille à la perle ? Johannes Vermeer
52%
Quel est le nom du célèbre tableau de Grant Wood représentant une ferme et un couple au visage sérieux ? American Gothic
33%
Quel mouvement artistique, lancé par Duchamp, remettait en cause l’idée même d’œuvre d’art ? Dadaïsme
26%
Quel artiste contemporain est connu pour ses sculptures de ballons en acier inoxydable, comme le Balloon Dog ? Jeff Koons
22%
Quelle fresque de Michel-Ange orne le plafond de la chapelle Sixtine ? La création d'Adam
19%
Quel peintre flamand a réalisé Le Portement de croix au XVIe siècle ? Pierre Bruegel l'Ancien
0%
Aucun quiz correspondant
Distribution des résultats
% des personnes avec chaque résultat
Percentile par nombre de réponses
Votre historique - résultats
Vous n’avez pas pris ce quiz